000 00383nam a2200145 i 4500
001 bg
100 1 _aBRZOST, Wojciech
245 0 _aImportowany postęp techniczny a rozwój gospodarczy Polski /
_cWojciech Brzost.
260 _aWarszawa,
_c1979.
040 _cBPK
041 _apol
080 _a339.56:008:62+608(438)
942 _cKS
008 s pl f |000 0 pol
999 _c21502
_d21502
856 _uhttp://koha.tu.koszalin.pl/cgi-bin/koha/opac-detail.pl?biblionumber=21502
_yKatalog online BPK